000
00219nam a22000857a 4500
008
170113b xxu||||| |||| 00| 0 eng d
100
_9
2402
_a
Jain.S.K.etal.
245
_a
physics practical-XII
260
_a
New Delhi
_b
L.P.
_c
2011
999
_c
5423
_d
5423